000 00691nam a2200289Ia 4500
005 20260324115251.0
008 008 260324s9999 xx 000 0 eng d
020 _a9781351047166
037 _aEBOOK
040 _aCRL
040 _beng
040 _cCRL
041 _2eng
041 _aeng
084 _qCRL
100 _aNatalie Murry
_91148158
245 0 _aDigital Forensic Art Techniques
245 2 _bA Professional’s Guide to Corel Painter
260 _bTaylor and Francis
260 _c2018
365 _a
365 _b280
856 _uhttp://www.taylorfrancis.com/books/9781351047166
942 _cEBOOK
999 _c1744763
_d1744763